| 000 | 00458nam a22001337a 4500 | ||
|---|---|---|---|
| 008 | 110428t xxu||||| |||| 00| 0 eng d | ||
| 082 | _a364 JON | ||
| 100 |
_aJones Howard. _92098 |
||
| 245 |
_aCrime in a Changing Society / _cHoward Jones. |
||
| 260 |
_aAustralia: _bPenguin Books ltd. _c1965. |
||
| 300 |
_a173p.; _c20 cm. |
||
| 942 |
_2ddc _cBK |
||
| 999 |
_c768 _d768 |
||